000 00356 a2200157 4500
001 169161
020 _a
040 _cMagnum
100 _aAlves, Nilda (Org.)
240 1 0 _aFormacao de professores: pensar e fazer
_lpor
245 1 0 _aFormacao de professores: pensar e fazer
362 0 _a1899
440 1 _aCortez
697 _aENSINO
942 _cBK
999 _c169161
_d169161